Альянс меча и бизнеса (военно-промышленные комплексы империалистических государств)

Dades bibliogràfiques
Autor corporatiu: Академия наук СССР (АН СССР) Институт мировой экономики и международных отношений (ИМЭМО)
Altres autors: Быков О. Н. (редактор), Бугров Е. В.
Sumari:Исключено из фонда НТБ ТПУ
Idioma:rus
Publicat: Москва, Мысль, 1988
Format: MixedMaterials Llibre
KOHA link:https://koha.lib.tpu.ru/cgi-bin/koha/opac-detail.pl?biblionumber=261507

MARC

LEADER 00000nam0a2200000 4500
001 261507
005 20231031221645.0
010 |a 5244000292 
035 |a (RuTPU)RU\TPU\book\284488 
090 |a 261507 
100 |a 20140523d1988 k y0rusy50 ca 
101 0 |a rus 
102 |a RU 
105 |a y z 001zy 
200 1 |a Альянс меча и бизнеса (военно-промышленные комплексы империалистических государств)  |f Академия наук СССР (АН СССР), Институт мировой экономики и международных отношений (ИМЭМО) ; под ред. О. Н. Быкова, . Е. В. Бугрова 
210 |a Москва  |c Мысль  |d 1988 
215 |a 301 с. 
333 |a Исключено из фонда НТБ ТПУ 
702 1 |a Быков  |b О. Н.  |4 340 
702 1 |a Бугров  |b Е. В.  |4 340 
712 0 2 |a Академия наук СССР (АН СССР)  |b Институт мировой экономики и международных отношений (ИМЭМО)  |c (Москва) 
801 1 |a RU  |b 63413507  |c 20140523 
801 2 |a RU  |b 63413507  |c 20220314  |g RCR 
942 |c BK